続 日本100名城 - Statistics

General Stats
  • This quiz has been taken 28 times
  • The average score is 11 of 100
Answer Stats
ヒント Answer % Correct
48 静岡県 浜松城
33%
22 千葉県 大多喜城
30%
25 神奈川県 小机城
30%
7 秋田県 秋田城
26%
18 埼玉県 忍城
26%
42 岐阜県 苗木城
26%
52 三重県 津城
26%
10 福島県 三春城
22%
41 岐阜県 郡上八幡城
22%
44 岐阜県 大垣城
22%
1 北海道 志苔館
19%
3 青森県 浪岡城
19%
4 岩手県 九戸城
19%
5 宮城県 白石城
19%
23 東京都 滝山城
19%
34 富山県 富山城
19%
49 愛知県 小牧山城
19%
51 愛知県 吉田城
19%
71 岡山県 備中高松城
19%
9 山形県 米沢城
15%
13 茨城県 土浦城
15%
15 群馬県 名胡桃城
15%
16 群馬県 沼田城
15%
21 千葉県 本佐倉城
15%
24 東京都 品川台場
15%
26 神奈川県 石垣山城
15%
27 山梨県 新府城
15%
30 長野県 高島城
15%
32 新潟県 高田城
15%
43 岐阜県 美濃金山城
15%
58 京都府 福知山城
15%
65 奈良県 大和郡山城
15%
72 広島県 三原城
15%
85 佐賀県 唐津城
15%
88 長崎県 原城
15%
2 北海道 上ノ国勝山館
11%
12 茨城県 笠間城
11%
14 栃木県 唐沢山城
11%
17 群馬県 岩櫃城
11%
19 埼玉県 杉山城
11%
20 埼玉県 菅谷館
11%
28 山梨県 要害山城
11%
29 長野県 龍岡城
11%
37 福井県 福井城
11%
46 静岡県 諏訪原城
11%
47 静岡県 高天神城
11%
61 大阪府 岸和田城
11%
67 和歌山県 新宮城
11%
81 福岡県 小倉城
11%
82 福岡県 水城
11%
91 大分県 中津城
11%
93 大分県 臼杵城
11%
94 大分県 佐伯城
11%
95 宮崎県 延岡城
11%
96 宮崎県 佐土原城
11%
100 沖縄県 勝連城
11%
6 秋田県 脇本城
7%
11 福島県 向羽黒山城
7%
31 新潟県 村上城
7%
33 新潟県 鮫ヶ尾城
7%
35 富山県 増山城
7%
38 福井県 越前大野城
7%
40 福井県・滋賀県 玄蕃尾城
7%
45 静岡県 興国寺城
7%
50 愛知県 古宮城
7%
54 三重県 田丸城
7%
56 滋賀県 鎌刃城
7%
64 兵庫県 洲本城
7%
68 鳥取県 若桜鬼ヶ城
7%
76 徳島県 一宮城
7%
78 愛媛県 能島城
7%
79 愛媛県 河後森城
7%
80 高知県 岡豊城
7%
83 福岡県 久留米城
7%
84 福岡県・佐賀県 基肄城
7%
86 長崎県 金田城
7%
90 熊本県 八代城
7%
97 鹿児島県 志布志城
7%
99 沖縄県 座喜味城
7%
8 山形県 鶴ケ岡城
4%
36 石川県 鳥越城
4%
39 福井県 佐柿国吉城
4%
53 三重県 多気北畠氏城館
4%
55 三重県 赤城城
4%
59 大阪府 芥川山城
4%
60 大阪府 飯森城
4%
63 兵庫県 黒井城
4%
66 奈良県 宇陀松山城
4%
70 島根県 浜田城
4%
75 徳島県 勝瑞城
4%
77 香川県 引田城
4%
87 長崎県 福江城
4%
92 大分県 角牟礼城
4%
98 鹿児島県 知覧城
4%
57 滋賀県 八幡山城
0%
62 兵庫県 出石城・有子山城
0%
69 鳥取県 米子城
0%
73 広島県 新高山城
0%
74 山口県 大内氏館・高嶺城
0%
89 熊本県 鞠智城
0%
No matching quizzes found
Score Distribution
Percent of People with Each Score
Percentile by Number Answered
Your Score History
You have not taken this quiz